01355cam a22003497a 4500003000500000005001700005008004100022010001000063011001000073035001000083040000900093090001000102100004400112245010700156260004000263300002300303502007600326590003700402590004100439590004100480590004100521590004100562590004100603590004200644650004100686710008200727901000700809942001000816949003500826999001700861952012700878CHAP20220329135449.0971013s1983 r 00010 d a36932 a37904 a42024 cCHAP aTesis00aParedes Sánchez, Juan Alberto.98552813aEl crédito agrícola en el Plan Pueblab: estudio de caso, comunidad San José El Rincón, Puebla aChapingo, Méx. :bEl autor,c1983 a203 h.b: gráfs. aTesis (M.C. Esp. en Desarrollo Rural) -- CP. Centro de Desarrollo Rural aALEPHb10c20130110lUCH01h1302 aBATCH-UPDb10c20130110lUCH01h0319 aBATCH-UPDb10c20130110lUCH01h2243 aBATCH-UPDb10c20130409lUCH01h2351 aBATCH-UPDb10c20130410lUCH01h1537 aBATCH-UPDb10c20130914lUCH01h1006 aCONVERSIONb10c20130109lUCH01h132114aCrédito agrícolaxPuebla.9290740 aColegio de Postgraduados. Chapingo, Méx. Centro de Desarrollo Rural.925072 aBK cTESIS bBCcTESd-96533eTS1i42024si c36932d36932 00102local4051708TESISaBCbBCcPA_TESISd2012-12-17fTESISl0oTesisp-96533r2019-12-31 00:00:00w2019-12-31yTESIS